Le Relique Dei Morti

Spremljeno u:
Bibliografski detalji
Glavni autor: Ariana Franklin
Format: Knjiga
Jezik:nepoznati jezik
Izdano: Piemme
Oznake: Dodaj oznaku
Bez oznaka, Budi prvi tko označuje ovaj zapis!

MARC

LEADER 00000nam a2200000Ia 4500
001 R-928
003 CODICE-MESSINA
005 20260212102459.0
008 260211s9999 xx 000 0 und d
040 |c importazione_messina 
100 |a Ariana Franklin 
245 0 |a Le Relique Dei Morti 
260 |b Piemme 
942 |2 ddc  |c BK 
952 |0 0  |1 0  |2 ddc  |4 0  |6 SCAFFALE_9_000000000000000__ROMANZI  |7 0  |9 31756  |a ME  |b ME  |d 2026-02-11  |l 0  |o SCAFFALE 9 - ROMANZI  |p R-928  |r 2026-02-11 23:52:45  |w 2026-02-11  |x [REVISIONARE]  |y BK 
999 |c 27421  |d 27421